El filo fotográfico de la historia: Walter Benjamin y el olvido de lo inolvidable

Gorde:
Xehetasun bibliografikoak
Egile nagusia: Collingwood-Selby, Elizabeth (Egilea)
Formatua: Liburua
Hizkuntza:gaztelania
Argitaratua: Santiago Metales Pesados 2009
Gaiak:
Etiketak: Etiketa erantsi
Etiketarik gabe, Izan zaitez lehena erregistro honi etiketa jartzen!

MARC

LEADER 00000cam a2200000 a 4500
001 UCG4360
003 CL-VaPUC
008 101028e20091100CL |||||||||||||||||spa|d
020 |a 9789568415280 
082 0 4 |a 779  |b COL  |2 21 
100 0 |a Collingwood-Selby, Elizabeth  |e author  |9 553700 
245 1 3 |a El filo fotográfico de la historia: Walter Benjamin y el olvido de lo inolvidable 
300 |a 280 p 
942 |c BK 
945 |d 20101028 00:00:00  |a mfarfan 
260 |a Santiago  |b Metales Pesados  |c 2009 
650 0 |a Filosofía de la historia  |9 265651 
650 0 |a Historicismo  |9 318908 
650 0 |a Fotografía  |9 268495 
583 |a last modification  |c 20131213 03:02:43  |k Rodrigo Vera 
999 |c 343137  |d 343135 
952 |0 0  |1 0  |4 0  |6 779_000000000000000_COL_2009  |7 0  |8 A  |9 440167  |a BIBART  |b BIBART  |d 2019-11-22  |i 4729552  |o 779 COL 2009  |p 4729552  |r 2025-03-13  |w 2019-11-22  |y BK  |k ART 
952 |0 0  |1 0  |4 0  |6 779_000000000000000_COL_2009  |7 0  |8 A  |9 440168  |a BIBHIS  |b BIBHIS  |d 2019-11-22  |i 4746376  |o 779 COL 2009  |p 4746376  |r 2025-01-20  |w 2019-11-22  |y BK  |k HIS 
952 |0 0  |1 0  |4 0  |6 779_000000000000000_COL_2009  |7 0  |8 A  |9 440169  |a BIBHIS  |b BIBHIS  |d 2019-11-22  |i 4854195  |o 779 COL 2009  |p 4854195  |r 2025-01-20  |w 2019-11-22  |y BK  |k HIS 
952 |0 0  |1 0  |3 erb  |4 0  |6 779_000000000000000_COL_2009  |7 0  |8 A  |9 440170  |a BIBHIS  |b BIBHIS  |i 5033535  |o 779 COL 2009  |p 5033535  |r 2025-01-20  |w 2019-11-22  |y BK  |z Catalogado en:20131213  |k HIS 
952 |0 0  |1 0  |3 erb  |4 0  |6 779_000000000000000_COL_2009  |7 0  |8 A  |9 440171  |a BIBART  |b BIBART  |i 5049911  |o 779 COL 2009  |p 5049911  |r 2025-03-13  |w 2019-11-22  |y BK  |z Catalogado en:20140116  |k ART